[Event "Gruppe C | DWZ 1900 - 1701"]
[Site "61.HEM Erlensee 2007"]
[Date "2007.04.06"]
[Round "6.1"]
[White "Wuestehube, Axel"]
[Black "Zuyev, Igor"]
[Result "1/2-1/2"]
[WhiteElo "1886"]
[BlackElo "2172"]
[PlyCount "37"]
[EventDate "2007.??.??"]

1. d4 Nf6 2. Nf3 e6 3. g3 b5 4. Bg2 Bb7 5. O-O c5 6. e3 Nc6 7. dxc5 Bxc5 8. b3
d5 9. Bb2 O-O 10. Nbd2 a6 11. Ne5 Nxe5 12. Bxe5 Ba3 13. Rb1 Nd7 14. Ba1 Qc7 15.
Qg4 e5 16. c4 dxc4 17. Bxb7 Qxb7 18. bxc4 Be7 19. cxb5 1/2-1/2

[Event "Gruppe C | DWZ 1900 - 1701"]
[Site "61.HEM Erlensee 2007"]
[Date "2007.04.06"]
[Round "6.2"]
[White "Rack, Matthias"]
[Black "Karsten, Heinrich"]
[Result "1-0"]
[WhiteElo "2040"]
[BlackElo "2077"]
[PlyCount "75"]
[EventDate "2007.??.??"]

1. Nf3 d5 2. g3 Nf6 3. Bg2 Bg4 4. O-O c6 5. d3 Qc8 6. c4 Bh3 7. cxd5 Bxg2 8.
Kxg2 cxd5 9. Bf4 Nc6 10. Nc3 Qd7 11. Qa4 e6 12. e4 Be7 13. e5 Nh5 14. Bd2 f5
15. Rfe1 O-O 16. Rac1 a6 17. a3 b5 18. Qd1 Rac8 19. Bg5 Bxg5 20. Nxg5 g6 21.
Ne2 h6 22. Nf3 Qf7 23. Ned4 Ne7 24. Qd2 Kh7 25. Rxc8 Rxc8 26. Rc1 Rxc1 27. Qxc1
g5 28. Qc7 Kg6 29. Qb6 Ng7 30. Qxa6 h5 31. Qxb5 f4 32. Nc6 Nef5 33. Nd8 Qe7 34.
Nc6 Qf8 35. Qb8 Qf7 36. Qd8 g4 37. Ng5 f3+ 38. Kg1 1-0

[Event "Gruppe C | DWZ 1900 - 1701"]
[Site "61.HEM Erlensee 2007"]
[Date "2007.04.06"]
[Round "6.3"]
[White "Froehlich Dill, Astrid"]
[Black "Schaal, Benedikt"]
[Result "1/2-1/2"]
[WhiteElo "1970"]
[BlackElo "1841"]
[PlyCount "130"]
[EventDate "2007.??.??"]

1. d4 d5 2. c4 c6 3. Nf3 Nf6 4. cxd5 cxd5 5. Nc3 Nc6 6. e3 Bf5 7. Bb5 a6 8.
Bxc6+ bxc6 9. Qa4 Qb6 10. Ne5 Rc8 11. b4 e6 12. a3 Bd6 13. Nf3 Ne4 14. Qb3 a5
15. Nxe4 Bxe4 16. O-O axb4 17. Bd2 O-O 18. axb4 Rb8 19. Rfc1 Rfc8 20. Ne1 h6
21. Ra4 c5 22. dxc5 Bxc5 23. Qa3 Be7 24. Rxc8+ Rxc8 25. Ra7 Bf6 26. Qa4 Rb8 27.
Qd7 Bg6 28. g3 d4 29. Qc7 dxe3 30. Qxb6 Rxb6 31. fxe3 Be4 32. Kf2 Be5 33. Rd7
Bd6 34. Ke2 Bxb4 35. Rd8+ Kh7 36. Rd7 Kg6 37. Bxb4 Rxb4 38. Nf3 Bxf3+ 39. Kxf3
f5 40. h4 Kf6 41. Ra7 g5 42. hxg5+ hxg5 43. Ra8 g4+ 44. Ke2 Rb2+ 45. Kf1 Ke5
46. Ra4 Rd2 47. Rb4 Kd5 48. Rf4 Ke5 49. Ra4 Rc2 50. Rb4 Rd2 51. Ra4 Kd5 52. Rf4
Rc2 53. Rd4+ Kc5 54. Ra4 Rc4 55. Ra5+ Kd6 56. Ke2 Rc2+ 57. Kd3 Rg2 58. Kd4 Rxg3
59. e4 fxe4 60. Ra6+ Ke7 61. Kxe4 Kf6 62. Kf4 Rg1 63. Rb6 g3 64. Kf3 Kf5 65.
Rb8 Rf1+ 1/2-1/2

[Event "Gruppe C | DWZ 1900 - 1701"]
[Site "61.HEM Erlensee 2007"]
[Date "2007.04.06"]
[Round "6.4"]
[White "Adair, Robin"]
[Black "Gutacker, Stephan"]
[Result "1-0"]
[WhiteElo "2033"]
[BlackElo "1980"]
[PlyCount "57"]
[EventDate "2007.??.??"]

1. c4 Nf6 2. Nc3 b6 3. Nf3 Bb7 4. g3 e6 5. Bg2 Be7 6. O-O O-O 7. b3 d5 8. cxd5
exd5 9. d4 Nbd7 10. Bb2 Ne4 11. Nxe4 dxe4 12. Nd2 f5 13. e3 Bf6 14. Qc2 c5 15.
Nc4 Qc7 16. Rac1 Rac8 17. Qd2 Rfd8 18. Rfd1 Nf8 19. Bh3 g6 20. Bc3 Ne6 21. Qb2
Qg7 22. Ne5 Qh6 23. Bf1 Ng5 24. h4 Nf3+ 25. Nxf3 exf3 26. dxc5 Bxc3 27. Qxc3
bxc5 28. Bc4+ Kf8 29. Qf6+ 1-0

[Event "Gruppe C | DWZ 1900 - 1701"]
[Site "61.HEM Erlensee 2007"]
[Date "2007.04.06"]
[Round "6.5"]
[White "Weiland, Thomas"]
[Black "Haftmann, Rainer"]
[Result "1-0"]
[WhiteElo "1995"]
[BlackElo "1765"]
[PlyCount "81"]
[EventDate "2007.??.??"]

1. e4 e5 2. Nf3 Nc6 3. Bb5 a6 4. Ba4 Nf6 5. O-O b5 6. Bb3 Be7 7. Re1 O-O 8. d4
d6 9. a4 Bg4 10. c3 exd4 11. cxd4 Bxf3 12. gxf3 Rb8 13. axb5 axb5 14. Be3 Qd7
15. Kh1 Kh8 16. Rg1 Ne8 17. f4 f5 18. d5 Nd8 19. e5 dxe5 20. fxe5 f4 21. e6 Qd6
22. Bd4 Bf6 23. Bxf6 Rxf6 24. Nc3 Rh6 25. f3 Nf6 26. Rg2 b4 27. Ne4 Nxe4 28.
fxe4 Qe5 29. Qf3 Nb7 30. Rag1 g6 31. Bc2 Nd6 32. b3 Rf8 33. Rf1 Nb5 34. Bd1 Nd4
35. Qd3 f3 36. Bxf3 Rh3 37. e7 Re8 38. Qd1 Nxf3 39. Rxf3 Rxf3 40. Qxf3 Rxe7 41.
Qf8# 1-0

[Event "Gruppe C | DWZ 1900 - 1701"]
[Site "61.HEM Erlensee 2007"]
[Date "2007.04.06"]
[Round "6.6"]
[White "Storck, Eike-Werner"]
[Black "Makilla, Tobias"]
[Result "1/2-1/2"]
[WhiteElo "1895"]
[BlackElo "1923"]
[PlyCount "82"]
[EventDate "2007.??.??"]

1. Nf3 Nc6 2. d4 d5 3. Bf4 Bg4 4. Nbd2 e6 5. h3 Bf5 6. c3 Bd6 7. e3 Bxf4 8.
exf4 Nge7 9. Bb5 Qd6 10. g3 a6 11. Be2 Ng8 12. Qa4 Nf6 13. Ne5 Ke7 14. h4 h6
15. f3 Nd7 16. Kf2 Nb6 17. Nxc6+ Qxc6 18. Qxc6 bxc6 19. b3 Nd7 20. Rhe1 Rhe8
21. g4 Bh7 22. f5 Kf8 23. fxe6 Rxe6 24. b4 Nb6 25. a4 a5 26. b5 Bc2 27. Bd1
Rxe1 28. Kxe1 Bxd1 29. Kxd1 cxb5 30. axb5 Nc8 31. Nb3 Nd6 32. Rxa5 Rxa5 33.
Nxa5 Nxb5 34. Kc2 Ke7 35. Kb3 Kd7 36. Kb4 Na7 37. Kc5 c6 38. f4 g6 39. Kb6 Nb5
40. Nxc6 Nxc3 41. Kc5 Ke6 1/2-1/2

[Event "Gruppe C | DWZ 1900 - 1701"]
[Site "61.HEM Erlensee 2007"]
[Date "2007.04.06"]
[Round "6.7"]
[White "Smit, Josip"]
[Black "von Chamier, Ralf"]
[Result "1/2-1/2"]
[WhiteElo "2049"]
[BlackElo "1837"]
[PlyCount "20"]
[EventDate "2007.??.??"]

1. d4 Nf6 2. Nf3 e6 3. c4 b6 4. g3 Bb7 5. Bg2 Be7 6. O-O O-O 7. Nc3 d5 8. cxd5
Nxd5 9. Qc2 f5 10. e3 Nd7 1/2-1/2

[Event "Gruppe C | DWZ 1900 - 1701"]
[Site "61.HEM Erlensee 2007"]
[Date "2007.04.06"]
[Round "6.8"]
[White "Rasche, Hannes"]
[Black "Scholz, Uwe"]
[Result "1-0"]
[WhiteElo "2050"]
[BlackElo "1733"]
[PlyCount "79"]
[EventDate "2007.??.??"]

1. d4 d5 2. Nf3 Nf6 3. c4 e6 4. Nc3 Bb4 5. a3 Bxc3+ 6. bxc3 O-O 7. Bg5 Nbd7 8.
e3 c6 9. Qb3 b6 10. Be2 Ba6 11. Nd2 Qc8 12. O-O c5 13. Rfc1 Bb7 14. cxd5 exd5
15. Bf3 c4 16. Qc2 Re8 17. Bf4 Qc6 18. a4 a6 19. Rcb1 Re6 20. Rb2 Nf8 21. h3
Ng6 22. Bg3 Bc8 23. Rab1 Bd7 24. Rb4 b5 25. Kh1 Ra7 26. R1b2 Be8 27. Bb8 Rb7
28. Bg3 Ra7 29. Qb1 Rb7 30. Nxc4 Ne4 31. Bxe4 Rxe4 32. Na5 Qd7 33. Nxb7 Qxb7
34. c4 dxc4 35. Rxc4 Bc6 36. axb5 axb5 37. Qc1 Re6 38. d5 Bxd5 39. Rc8+ Nf8 40.
Qc5 1-0

[Event "Gruppe C | DWZ 1900 - 1701"]
[Site "61.HEM Erlensee 2007"]
[Date "2007.04.06"]
[Round "6.9"]
[White "Geringer, Waldemar"]
[Black "Winter, Lars"]
[Result "1/2-1/2"]
[WhiteElo "1886"]
[BlackElo "2062"]
[PlyCount "57"]
[EventDate "2007.??.??"]

1. d4 Nf6 2. c4 g6 3. Nc3 Bg7 4. e4 d6 5. Nf3 O-O 6. Qc2 c6 7. Bf4 Na6 8. a3
Nc7 9. O-O-O a6 10. c5 Ne6 11. Be3 Ng4 12. Na4 Nxe3 13. fxe3 Qc7 14. Bc4 dxc5
15. Bxe6 Bxe6 16. Nxc5 Bc8 17. h4 b6 18. Nd3 Bg4 19. Rdf1 Rac8 20. Kb1 c5 21.
Nfe5 Be6 22. Nf3 cxd4 23. Qxc7 Rxc7 24. exd4 Bc4 25. Rd1 Rd8 26. Nde5 Bb3 27.
Rc1 Rdc8 28. Rxc7 Rxc7 29. Rc1 1/2-1/2

[Event "Gruppe C | DWZ 1900 - 1701"]
[Site "61.HEM Erlensee 2007"]
[Date "2007.04.06"]
[Round "6.10"]
[White "Krueger, Till"]
[Black "Schaub, Thomas"]
[Result "1/2-1/2"]
[WhiteElo "2048"]
[BlackElo "1744"]
[PlyCount "42"]
[EventDate "2007.??.??"]

1. e4 g6 2. d4 Bg7 3. Nc3 d6 4. Be2 c6 5. Be3 Nf6 6. f4 O-O 7. Nf3 Bg4 8. O-O
Nbd7 9. h3 Bxf3 10. Bxf3 e5 11. Qd2 Qc7 12. Rad1 Rad8 13. fxe5 dxe5 14. d5 a6
15. Qf2 Ne8 16. Na4 f5 17. Qd2 fxe4 18. Bxe4 c5 19. c4 Nd6 20. Qd3 b5 21. cxb5
axb5 1/2-1/2

[Event "Gruppe C | DWZ 1900 - 1701"]
[Site "61.HEM Erlensee 2007"]
[Date "2007.04.06"]
[Round "6.11"]
[White "Gauf, Wolfgang"]
[Black "Will, Jens Robert"]
[Result "0-1"]
[WhiteElo "1814"]
[BlackElo "1970"]
[PlyCount "74"]
[EventDate "2007.??.??"]

1. e4 e5 2. Nf3 Nc6 3. d4 exd4 4. Nxd4 d6 5. Nc3 g6 6. Be3 Bg7 7. Qd2 Nge7 8.
O-O-O O-O 9. h4 h5 10. f3 f5 11. Bc4+ Kh7 12. Ne6 Bxe6 13. Bxe6 Ne5 14. Kb1 b5
15. Bg5 Qe8 16. Qe2 a6 17. Rhe1 f4 18. Qd2 Bh6 19. Ne2 Bxg5 20. hxg5 Nf7 21.
Bxf7 Qxf7 22. Rh1 Nc6 23. Rh4 Ne5 24. Rxf4 Qe7 25. Rxf8 Rxf8 26. Ng1 Nc4 27.
Qc1 b4 28. c3 Rb8 29. cxb4 Rxb4 30. b3 c5 31. Rd5 a5 32. Qf4 a4 33. Kc2 axb3+
34. axb3 Qa7 35. Kd1 Rxb3 36. Ne2 Ne3+ 37. Ke1 Nxg2+ 0-1

[Event "Gruppe C | DWZ 1900 - 1701"]
[Site "61.HEM Erlensee 2007"]
[Date "2007.04.06"]
[Round "6.13"]
[White "Schmitt, Carsten"]
[Black "Larem, Peter"]
[Result "0-1"]
[WhiteElo "1829"]
[BlackElo "1917"]
[PlyCount "108"]
[EventDate "2007.??.??"]

1. e4 e5 2. d4 exd4 3. Nf3 d6 4. Nxd4 Nf6 5. Nc3 Be7 6. Bc4 O-O 7. O-O Nbd7 8.
Nf5 Ne5 9. Nxe7+ Qxe7 10. Bb3 Be6 11. Bg5 h6 12. Bxf6 Qxf6 13. f4 Nc6 14. f5
Bxb3 15. cxb3 Qd4+ 16. Qxd4 Nxd4 17. Rad1 c5 18. Nd5 f6 19. Rd3 Rae8 20. Re3
Re5 21. Rf4 Rfe8 22. Kf2 b5 23. Rg4 Kf7 24. Reg3 Nxf5 25. exf5 Rxf5+ 26. Nf4 g5
27. Rh3 Rxf4+ 28. Rxf4 gxf4 29. Rxh6 Kg7 30. Rh4 Re4 31. Rg4+ Kh6 32. Rh4+ Kg5
33. Rh7 a5 34. Rb7 Rb4 35. Rb6 d5 36. Rc6 c4 37. Rc5 f5 38. Rxd5 cxb3 39. a3
Rc4 40. Rd2 Rc2 41. Ke2 Kg4 42. Rxc2 bxc2 43. Kd2 f3 44. gxf3+ Kxf3 45. Kxc2 f4
46. h4 Kg4 47. h5 Kxh5 48. Kd2 Kg4 49. Ke2 Kg3 50. Kf1 a4 51. Kg1 f3 52. Kf1 f2
53. b4 axb3 54. a4 bxa4 0-1

[Event "Gruppe C | DWZ 1900 - 1701"]
[Site "61.HEM Erlensee 2007"]
[Date "2007.04.06"]
[Round "6.14"]
[White "Eg, Karlheinz"]
[Black "Foerster, Rudi"]
[Result "1-0"]
[WhiteElo "2065"]
[BlackElo "1962"]
[PlyCount "73"]
[EventDate "2007.??.??"]

1. e4 c5 2. Nf3 Nc6 3. d4 cxd4 4. Nxd4 e5 5. Nb5 d6 6. c4 Be7 7. N1c3 a6 8. Na3
Be6 9. Nc2 Rc8 10. Ne3 Na5 11. Ncd5 Bxd5 12. exd5 Bg5 13. Qa4+ Kf8 14. Bd2 Bxe3
15. Bxe3 Ne7 16. Bd3 b5 17. cxb5 Nxd5 18. Bd2 Nb7 19. Qe4 Nf4 20. Bxf4 Nc5 21.
Qd5 Nxd3+ 22. Qxd3 exf4 23. O-O axb5 24. Rac1 Rxc1 25. Rxc1 Qd7 26. Qc3 Ke7 27.
Qxg7 Rc8 28. Re1+ Kd8 29. Qxh7 Rc4 30. b3 Rc5 31. h4 Kc7 32. Qh8 Qd8 33. Re8
Qd7 34. Ra8 Qe6 35. Ra7+ Kb6 36. Qb8+ Kc6 37. Qb7# 1-0

[Event "Gruppe C | DWZ 1900 - 1701"]
[Site "61.HEM Erlensee 2007"]
[Date "2007.04.06"]
[Round "6.15"]
[White "Radtke, Thoralf"]
[Black "Hoppe, Michael"]
[Result "1-0"]
[WhiteElo "1718"]
[BlackElo "1970"]
[PlyCount "49"]
[EventDate "2007.??.??"]

1. f4 d5 2. Nf3 Nf6 3. b3 Bg4 4. e3 e6 5. Bb2 Be7 6. Be2 Nbd7 7. O-O O-O 8. Qe1
Bxf3 9. Bxf3 Ne4 10. d3 Bf6 11. c3 Nd6 12. Nd2 g6 13. Rc1 Bg7 14. Ba3 Re8 15.
c4 Nf6 16. e4 Nc8 17. e5 Nd7 18. cxd5 exd5 19. d4 c6 20. Be2 Qa5 21. Bb2 Ne7
22. Bd3 f5 23. Bc3 Qb6 24. Nf3 Nf8 25. Ba5 1-0

[Event "Gruppe C | DWZ 1900 - 1701"]
[Site "61.HEM Erlensee 2007"]
[Date "2007.04.06"]
[Round "6.16"]
[White "Adamczyk, Matthias"]
[Black "Libuda, Thomas"]
[Result "1-0"]
[WhiteElo "1774"]
[BlackElo "2009"]
[PlyCount "87"]
[EventDate "2007.??.??"]

1. e4 g6 2. d4 Bg7 3. Nc3 d6 4. Be3 Nc6 5. Bc4 Nf6 6. h3 O-O 7. Nf3 Nxe4 8.
Bxf7+ Rxf7 9. Nxe4 e5 10. d5 Ne7 11. Qd2 Nf5 12. O-O-O Nxe3 13. Qxe3 Qf8 14.
Kb1 Bf5 15. Ng3 Bd7 16. Rd3 Bh6 17. Qe1 a5 18. h4 Bg4 19. h5 gxh5 20. Nxh5 Bxf3
21. gxf3 Rxf3 22. Ng3 Rxd3 23. cxd3 Qf4 24. Qg1 Kh8 25. Qh2 Rf8 26. Qxh6 Qxh6
27. Rxh6 Rxf2 28. Ne4 Kg7 29. Rxh7+ Kxh7 30. Nxf2 Kg6 31. Kc2 Kf7 32. Ne4 Ke7
33. Kb3 c6 34. Nc3 Kd7 35. Ka4 cxd5 36. Nxd5 Kc6 37. Nc3 b6 38. b4 axb4 39.
Kxb4 d5 40. a4 e4 41. dxe4 dxe4 42. Nxe4 Kb7 43. Kb5 Ka7 44. Nd6 1-0

[Event "Gruppe C | DWZ 1900 - 1701"]
[Site "61.HEM Erlensee 2007"]
[Date "2007.04.06"]
[Round "6.17"]
[White "Koculak, Eduard"]
[Black "Friedrich, Helmut"]
[Result "1/2-1/2"]
[WhiteElo "1752"]
[BlackElo "1725"]
[PlyCount "66"]
[EventDate "2007.??.??"]

1. d4 Nf6 2. Nf3 g6 3. c4 Bg7 4. Nc3 d6 5. e4 Bg4 6. Be2 O-O 7. O-O Nc6 8. Be3
e6 9. Rc1 Re8 10. a3 a6 11. b4 Rc8 12. Nd2 Bxe2 13. Qxe2 Nd7 14. Nb3 f5 15. b5
axb5 16. cxb5 Ne7 17. f3 b6 18. Rc2 Rf8 19. Qc4 d5 20. exd5 exd5 21. Nxd5 Nxd5
22. Qxd5+ Kh8 23. Rfc1 Qe7 24. Bd2 Nf6 25. Qc4 Rfe8 26. a4 Qd7 27. Be1 Nd5 28.
Bf2 Re7 29. Re2 Rxe2 30. Qxe2 Re8 31. Qd2 Re7 32. Re1 Qe8 33. Rxe7 Qxe7 1/2-1/2

[Event "Gruppe C | DWZ 1900 - 1701"]
[Site "61.HEM Erlensee 2007"]
[Date "2007.04.06"]
[Round "6.18"]
[White "Storkebaum, Ulrike"]
[Black "Dohne, Kai-Uwe"]
[Result "1-0"]
[WhiteElo "1930"]
[BlackElo "1767"]
[PlyCount "146"]
[EventDate "2007.??.??"]

1. e4 Nf6 2. e5 Nd5 3. c4 Nb6 4. d4 d6 5. exd6 exd6 6. Nf3 Bg4 7. Be3 Nc6 8.
Nbd2 Be7 9. Be2 Bf6 10. O-O Qd7 11. Rc1 O-O 12. Ne4 Be7 13. d5 Bxf3 14. Bxf3
Ne5 15. Be2 f5 16. Nd2 f4 17. Bd4 Qf5 18. Nf3 Nbd7 19. Qc2 Qf7 20. Qe4 Bf6 21.
Qxf4 Qg6 22. Bxe5 Nxe5 23. Nxe5 Bxe5 24. Qg4 Rf6 25. Qxg6 Rxg6 26. h3 Rf8 27.
g3 Bxb2 28. Rb1 Bd4 29. Kg2 b6 30. Bg4 Rgf6 31. f4 g5 32. Be6+ Kg7 33. f5 h5
34. g4 h4 35. Rbd1 Bc5 36. Rfe1 Re8 37. Re4 Re7 38. Rde1 Bb4 39. R1e2 Bc3 40.
Rc2 Bb4 41. Kf3 Rf8 42. a4 a5 43. Ke3 Kf6 44. Kd3 Rfe8 45. Rce2 Bc5 46. Rb2 Ba3
47. Rb3 Bc5 48. Re2 Bg1 49. Rb5 Bc5 50. Kc3 Rd8 51. Kb3 Rb8 52. Rd2 Rd8 53. Rd3
Rb8 54. Kc2 Rd8 55. Kc3 Rb8 56. Rd1 Rd8 57. Rdb1 Rb8 58. Rxa5 bxa5 59. Rxb8 Bb6
60. Rf8+ Kg7 61. Rg8+ Kf6 62. Rg6+ Ke5 63. Rxg5 Kf4 64. Rg8 Ke5 65. g5 Bd4+ 66.
Kd3 Bb2 67. f6 Rxe6 68. dxe6 Kxe6 69. Rh8 c6 70. Rxh4 Kf7 71. Rh7+ Kg8 72. Ra7
d5 73. cxd5 cxd5 1-0

[Event "Gruppe C | DWZ 1900 - 1701"]
[Site "61.HEM Erlensee 2007"]
[Date "2007.04.06"]
[Round "6.19"]
[White "Achelrod, Alexandre"]
[Black "Kuehn, Thomas"]
[Result "1-0"]
[WhiteElo "1873"]
[BlackElo "1905"]
[PlyCount "83"]
[EventDate "2007.??.??"]

1. d4 f5 2. c4 g6 3. Nc3 Bg7 4. e4 fxe4 5. Nxe4 Nf6 6. Nxf6+ exf6 7. Qe2+ Kf7
8. Qf3 Re8+ 9. Be3 c6 10. O-O-O d5 11. g4 Be6 12. c5 b6 13. h4 Qd7 14. Bh3 bxc5
15. dxc5 Kg8 16. Bd4 Rf8 17. Ne2 f5 18. Bxg7 Qxg7 19. Qe3 Bd7 20. gxf5 Bxf5 21.
h5 Bxh3 22. Rxh3 Nd7 23. hxg6 Rae8 24. gxh7+ Kh8 25. Qd4 Qxd4 26. Nxd4 Rxf2 27.
Nxc6 Nxc5 28. Rxd5 Re1+ 29. Rd1 Rxd1+ 30. Kxd1 Rf7 31. Ne5 Rg7 32. Kc2 Ne4 33.
b4 Ng5 34. Rh6 Nxh7 35. Ra6 Ng5 36. Nc6 Rc7 37. b5 Ne6 38. Kc3 Nc5 39. Rxa7 Rc8
40. a4 Ne4+ 41. Kb4 Nd6 42. Rd7 1-0

[Event "Gruppe C | DWZ 1900 - 1701"]
[Site "61.HEM Erlensee 2007"]
[Date "2007.04.06"]
[Round "6.20"]
[White "Blosze, Winfried"]
[Black "Bosse, Volkmar"]
[Result "1/2-1/2"]
[WhiteElo "1930"]
[BlackElo "1997"]
[PlyCount "69"]
[EventDate "2007.??.??"]

1. e4 c6 2. d4 d5 3. Nc3 dxe4 4. Nxe4 Bf5 5. Ng3 Bg6 6. h4 h6 7. h5 Bh7 8. Nf3
e6 9. Bd3 Bxd3 10. Qxd3 Bd6 11. Ne4 Bc7 12. Be3 Nd7 13. O-O-O Ngf6 14. Kb1 Nxe4
15. Qxe4 Nf6 16. Qh4 Nd5 17. Bc1 Qxh4 18. Rxh4 O-O-O 19. c4 Ne7 20. g4 c5 21.
Kc2 Nc6 22. Be3 f6 23. a3 cxd4 24. Nxd4 Nxd4+ 25. Rxd4 Rxd4 26. Bxd4 b6 27. b4
Bf4 28. Rh3 e5 29. Be3 Bxe3 30. Rxe3 Rf8 31. f3 Kc7 32. Kb3 a6 33. a4 Rd8 34.
Kc3 Rd1 35. Kc2 1/2-1/2

[Event "Gruppe C | DWZ 1900 - 1701"]
[Site "61.HEM Erlensee 2007"]
[Date "2007.04.06"]
[Round "6.21"]
[White "Ritscher, Georg"]
[Black "Rompel, Michael"]
[Result "1/2-1/2"]
[WhiteElo "2011"]
[BlackElo "2051"]
[PlyCount "57"]
[EventDate "2007.??.??"]

1. e4 c5 2. Nf3 d6 3. d4 cxd4 4. Nxd4 Nc6 5. Be2 Nf6 6. Nc3 a6 7. O-O g6 8. Be3
Bg7 9. Nd5 Nxe4 10. Nxc6 bxc6 11. Bb6 Qd7 12. Nc7+ Kf8 13. Nxa8 Qb7 14. Bd4
Qxa8 15. Re1 e5 16. Bf3 Ng5 17. Bc3 Nxf3+ 18. Qxf3 Be6 19. Qd3 Ke7 20. Ba5 Rc8
21. Rad1 d5 22. Qg3 Qb7 23. Qh4+ Bf6 24. Qb4+ Qxb4 25. Bxb4+ c5 26. Ba3 Kd7 27.
b3 c4 28. bxc4 Rxc4 29. Re2 1/2-1/2